000 00505nam a2200181Ia 4500
003 GCL
008 140319s9999 xx 000 0 eng d
040 _aGCL /
_cGCL
082 0 4 _a658.049
_bR I
100 1 _aHODGETTS, RICHARD M
245 1 0 _aINTERNATIONAL BUSINESS: A STRAEGIC MANAGEMENT APPROCH /
_cHODGETTS, RICHARD M
700 1 _aRUGAN, ALAN M.
260 _a[S.N] :
_bMC GRAW - HILL ،
_c1995
300 _a630 P
650 0 4 _aMANAGEMENT
650 0 4 _aINTERNATIONAL BUSINESS
942 _2ddc
_cBK
999 _c23900
_d23900